000 00350nam a2200133Ia 4500
008 240624s9999 xx 000 0 und d
041 _aeng
082 _a659.2 BLA
100 _aBLACK CAROLINE
245 _aPR PROFESSIONAL S HANDBOOK POWERFUL PRAC
260 _c2014
_aLondon
_bKogan Page
300 _avii, : 366 : p. : cm. ; 23
365 _cGBP
_b30
999 _c27454
_d27454